Managing common pool resources : principles and case studies
Αποθηκεύτηκε σε:
| Κύριος συγγραφέας: | |
|---|---|
| Μορφή: | Βιβλίο |
| Γλώσσα: | English |
| Δημοσίευση: |
Delhi : New York :
Oxford University Press,
1994
|
| Θέματα: | |
| Ετικέτες: |
Προσθήκη ετικέτας
Δεν υπάρχουν, Καταχωρήστε ετικέτα πρώτοι!
|
MARC
| LEADER | 00000nam a2200000 i 4500 | ||
|---|---|---|---|
| 001 | 1/52115 | ||
| 008 | 970122s1994 eng d | ||
| 020 | |a 0195630300 | ||
| 035 | |l 10027285 | ||
| 040 | |a GR-MY-UA |b gre |e aacr | ||
| 041 | 0 | |a eng | |
| 100 | 1 | |a Singh, Katar |d 1939- | |
| 245 | 1 | 0 | |a Managing common pool resources : |b principles and case studies / |c Katar Singh |
| 260 | |a Delhi : |a New York : |b Oxford University Press, |c 1994 | ||
| 300 | |a xx, 366 σ.; |b εικ.; |c 23 cm | ||
| 504 | |a Περιέχει βιβλιογραφικές παραπομπές (σ. [343]-356) and indexes | ||
| 650 | 0 | 0 | |a Natural resources |x Management |x Case studies. |
| 650 | 0 | 0 | |a Right of property |x Case studies. |
| 650 | 0 | 0 | |a Environmental impact analysis |x Case studies. |
| 650 | 0 | 0 | |a Public goods. |
| 852 | |a INST |b CHIOS |e 19970122 |h 338.9 THE |p 005200010811 |q 005200010811 |t BK |y 0 | ||
| 909 | |a Χ |b 049034 | ||